000 00728nam a2200217 i 4500
001 105982
003 ES-MaACL
007 t|
008 060919s1975 fr ||||1| fre d
080 _a329(44) P.C.F.
080 _a331-057.56(44)
100 1 _aVieuguet, André.
_9114602
245 1 0 _aFrançais et immigrés
_b: le combat du Parti communiste français /
_cAndré Vieuguet ; préface de Georges Marchais.
260 _aParis :
_bEditions Sociales,
_c[1975]
300 _a221 p. ;
_c18 cm.
500 _aBiblioteca Juan Andrade.
610 2 7 _aParti communiste français.
_96125
650 1 4 _aTrabajadores extranjeros-
_zFrancia.
_917589
700 1 _aMarchais, Georges.
_976402
852 _aES-MaACL
_jAND-913
_bR.110201
999 _c105982
_d105982